[Event "It"]
[Site "Morso DEN"]
[Date "2002.02.17"]
[Round "9"]
[White "Prusikhin,M"]
[Black "Pedersen,Jan"]
[Result "1-0"]
[WhiteElo "2519"]
[BlackElo "2413"]

1.e4 e6 2.d4 d5 3.Nd2 Nc6 4.Ngf3 Nf6 5.e5 Nd7 6.Bb5 a6 7.Bxc6 bxc6 8.c4 dxc4
9.O-O Nb6 10.Qc2 Qd5 11.Ne4 c5 12.dxc5 Bb7 13.Re1 Nd7 14.Ned2 Nxc5 15.Nxc4 Qd3
16.Qxd3 Nxd3 17.Rd1 Bxf3 18.gxf3 Rd8 19.Be3 Rd5 20.Kf1 Be7 21.Ke2 Nb4 22.Rg1 g6
23.a3 Nc6 24.Rgd1 O-O 25.Rac1 Rxd1 26.Rxd1 Rd8 27.Rxd8+ Bxd8 28.Kd3 Kf8 29.f4 f6
30.Bd4 fxe5 31.fxe5 Bg5 32.Be3 Be7 33.f4 Kf7 34.Ke4 Ke8 35.Nd2 Nd8 36.b4 Nb7
37.Nb3 Kd7 38.Kd3 h6 39.Kc4 c6 40.h3 h5 41.a4 Bh4 42.Nd2 Kc7 43.Nf3 Be7 44.Bf2 Kd7
45.Bh4 Bf8 46.Bf6 c5 47.b5 Na5+ 48.Kc3 axb5 49.axb5 c4 50.Nh4 Bc5 51.Nxg6 Kc7
52.Be7 Bf2 53.Nf8 Be1+ 54.Kc2 Nb3 55.Bd6+ Kb6 56.Nxe6 Kxb5 57.f5 Bd2 58.f6 Kc6
59.f7 Bh6 60.Kc3 Nd2 61.Nd4+  1-0

[Event "Petrov Mem Open"]
[Site "St Petersburg RUS"]
[Date "2002.02.17"]
[Round "6"]
[White "Lukin,A"]
[Black "Alikhanov,F"]
[Result "1/2-1/2"]
[WhiteElo "2415"]
[BlackElo "2305"]

1.e4 e6 2.d4 d5 3.Nd2 a6 4.Ngf3 c5 5.exd5 exd5 6.dxc5 Bxc5 7.Nb3 Bb6 8.Bd3 Qe7+
9.Be2 Nf6 10.O-O O-O 11.Bg5 Nc6 12.c3 Re8 13.Re1 Bxf2+ 14.Kxf2 Ne4+ 15.Kf1 Nxg5
16.Qxd5 Nxf3 17.Qxf3 Be6 18.Kg1 Bxb3 19.axb3 Rad8 20.Qf2 Qc7 21.Rad1  1/2-1/2

[Event "Petrov Mem Open"]
[Site "St Petersburg RUS"]
[Date "2002.02.18"]
[Round "7"]
[White "Bryzgalin,K"]
[Black "Lysyj,I"]
[Result "1-0"]
[WhiteElo "2396"]
[BlackElo "2330"]

1.e4 e6 2.d4 d5 3.Nd2 Be7 4.Bd3 Nc6 5.c3 dxe4 6.Bxe4 Nf6 7.Bf3 O-O 8.Nc4 Nd5
9.Ne2 Bf6 10.O-O Nb6 11.Ne3 e5 12.d5 Ne7 13.c4 Nd7 14.Qc2 Ng6 15.Nc3 Be7
16.g3 a5 17.Nf5 Nc5 18.Be3 Bxf5 19.Qxf5 Bd6 20.Be4 Qc8 21.Qxc8 Raxc8 22.Bf5 Rb8
23.Nb5 Ne7 24.Bc2 b6 25.a3 Nd7 26.Rfb1 f5 27.b4 e4 28.Nxd6 cxd6 29.Bf4 Ne5
30.Bxe5 dxe5 31.Rd1 Rfd8 32.Bb3 Kf8 33.Ba2 Rbc8 34.Rac1 axb4 35.axb4 f4 36.c5 bxc5
37.bxc5 Nf5 38.gxf4 exf4 39.Bb1  1-0

[Event "ch-Serbia"]
[Site "Leskovac YUG"]
[Date "2002.02.23"]
[Round "9"]
[White "Aksentijevic,M"]
[Black "Hrzic,I"]
[Result "1/2-1/2"]
[WhiteElo "2169"]
[BlackElo "2345"]

1.e4 e6 2.d4 d5 3.Nd2 Be7 4.Bd3 c5 5.dxc5 Nf6 6.Ngf3 Nc6 7.O-O O-O 8.Qe2 Nb4
9.Nb3 a5 10.a4 Qc7 11.Bg5 dxe4 12.Bxe4 Na6 13.Bd3 Nxc5 14.Nxc5  1/2-1/2

[Event "ch-Serbia"]
[Site "Leskovac YUG"]
[Date "2002.02.23"]
[Round "9"]
[White "Radovanovic,D"]
[Black "Vojinovic,G"]
[Result "0-1"]
[WhiteElo "2346"]
[BlackElo "2456"]

1.e4 e6 2.d4 d5 3.Nd2 Be7 4.Bd3 c5 5.dxc5 Nf6 6.Qe2 Nc6 7.Ngf3 O-O 8.e5 Nd7
9.Nb3 Nb4 10.O-O a5 11.a4 b6 12.c6 Nxc6 13.Nbd4 Ndxe5 14.Nxe5 Nxd4 15.Qg4 Nf5
16.Nc6 Qc7 17.Nxe7+ Nxe7 18.Qh5 Ng6 19.Re1 Ba6 20.Bxa6 Rxa6 21.c3 Qc4 22.Be3 b5
23.axb5 Qxb5 24.Ra2 a4 25.Rea1 Rfa8 26.h4 Qc4 27.g3 f6 28.Qd1 Ne5 29.h5 h6
30.b4 axb3 31.Rxa6 Rxa6 32.Rxa6 Qxa6 33.Qxb3 Qa8 34.Qb6 Qe8 35.Kf1 Nc4 36.Qa6 Kh7
37.g4 Ne5 38.Qe2 Nc4 39.Qd3+ Kg8 40.Kg1 Qa4 41.Bf4 Qc6 42.Qg6 Qd7 43.Kg2 Qf7
44.Qb1 e5 45.Bg3 Qe6 46.Qb5 e4 47.Qb8+ Kh7 48.Qf4 Ne5 49.Qf5+ Qxf5 50.gxf5 Kg8
51.Kf1 Nc6 52.Bd6 Kf7 53.Ke2 d4 54.c4 Ne7 55.c5 Nxf5 56.Bf4 Ke6 57.c6 Ne7
58.c7 Kd7 59.f3 Nd5  0-1

[Event "Open"]
[Site "Cannes FRA"]
[Date "2002.02.26"]
[Round "2"]
[White "Degraeve,JM"]
[Black "Marzolo,C"]
[Result "1/2-1/2"]
[WhiteElo "2591"]
[BlackElo "2403"]

1.e4 e6 2.d4 d5 3.Nd2 Be7 4.Ngf3 Nf6 5.Bd3 c5 6.e5 Nfd7 7.c3 Nc6 8.O-O cxd4
9.cxd4 a5 10.Nb1 g5 11.Be3 g4 12.Ne1 h5 13.Nc3 Ndxe5 14.dxe5 d4 15.Bf4 dxc3
16.bxc3 Bd7 17.Rb1 Rb8 18.Qe2 Qc7 19.Nc2 Bc5 20.Qe4 Ne7 21.Nd4 Bxd4 22.cxd4 Bc6
23.Bb5 O-O 24.Qd3 Nf5 25.Bg5 Qd7 26.Rfd1 Rfc8 27.h3 Qd5 28.Bxc6 bxc6 29.hxg4 hxg4
30.Bf6 Kf8 31.Rxb8 Rxb8 32.Qe2 Ke8 33.Qxg4 Kd7 34.Qh5 Rf8 35.Rd2 Kc7 36.Qe2 Qb5
37.Qe4 Qd5 38.Qb1 Rg8 39.f3 Qxf3 40.Rb2 Qe3+ 41.Kh2 Qf4+ 42.Kg1 Qe3+  1/2-1/2

[Event "Jersey Open"]
[Site "St Helier JCI"]
[Date "2002.02.28"]
[Round "5"]
[White "House,G"]
[Black "Westerman,H"]
[Result "1-0"]
[WhiteElo "2309"]
[BlackElo "2156"]

1.e4 e6 2.d4 d5 3.Nd2 Nc6 4.Ngf3 Nf6 5.e5 Nd7 6.c4 dxc4 7.Nxc4 Nb6 8.Nxb6 axb6
9.a3 Nb4 10.Bg5 f6 11.exf6 gxf6 12.Bh4 Nd5 13.Bc4 Be7 14.O-O Kf7 15.Re1 c6
16.Bg3 Rg8 17.Qc2 Rg7 18.Rad1 Bd6 19.Re4 Bxg3 20.hxg3 Kg8 21.Rh4 Bd7 22.Qe4 Qe7
23.Re1 Re8 24.Rh6 Qf7 25.Bd3 Rg6 26.Rxg6+ Qxg6 27.Qxg6+ hxg6 28.Bxg6 Re7
29.Be4 Nc7 30.Bb1 Nb5 31.Ba2 Kf7 32.g4 Re8 33.g5 fxg5 34.Nxg5+ Kf6 35.Nf3 Bc8
36.Bc4 Nd6 37.Bd3 c5 38.dxc5 bxc5 39.Ne5 b6 40.f4 Bb7 41.Nd7+  1-0

[Event "FSGM March"]
[Site "Budapest HUN"]
[Date "2002.03.02"]
[Round "1"]
[White "Balogh,C"]
[Black "Erdos,V"]
[Result "1/2-1/2"]
[WhiteElo "2398"]
[BlackElo "2383"]

1.e4 e6 2.d4 d5 3.Nd2 Be7 4.Bd3 c5 5.dxc5 Nf6 6.Ngf3 dxe4 7.Nxe4 Nxe4 8.Bxe4 Qxd1+
9.Kxd1 Bxc5 10.Ke2 Nd7 11.c3 Nf6 12.Bd3 b6 13.Ne5 Bb7 14.f3 Ke7 15.Bg5 h6
16.Bh4 g5 17.Bf2 Bd6 18.Nc4 Nd5 19.Nxd6 Nf4+ 20.Kd2 Kxd6 21.Bg3 Ke7 22.Bxf4 gxf4
23.Ke2 h5 24.Rhd1 h4 25.h3 Rhg8 26.Kf2 Rad8 27.a4 Rg5 28.Be4 Bd5 29.Rd4 Bb3
30.Rxd8 Kxd8 31.Ra3 Bd5 32.Ra1 Bb3 33.Ra3 Bd5 34.Ra1 Bxe4 35.fxe4 Kc7 36.Rd1 e5
37.Rd5 f6 38.Rd3 Rg8 39.Kf1 Kc6 40.Kf2 Kc7 41.Kf1 a6 42.Kf2 Kc6 43.Kf1 Rb8
44.Kf2 Rg8 45.Kf1 Rb8 46.Kf2 b5 47.axb5+ axb5 48.b4 Ra8 49.Rd5 Ra2+ 50.Kf3 Rc2
51.Rc5+ Kb6  1/2-1/2

[Event "TCh-AUT 2001-2"]
[Site "Dornbirn AUT"]
[Date "2002.03.10"]
[Round "11"]
[White "Wittmann,W"]
[Black "Ellers,H"]
[Result "0-1"]
[WhiteElo "2353"]
[BlackElo "2444"]

1.e4 e6 2.d4 d5 3.Nd2 Be7 4.Bd3 c5 5.dxc5 Nf6 6.Qe2 Nc6 7.Ngf3 Nb4 8.O-O O-O
9.e5 Nxd3 10.cxd3 Nd7 11.Nb3 Nxc5 12.Nxc5 Bxc5 13.Be3 d4 14.Bf4 Bd7 15.Ng5 Bc6
16.Ne4 Bb6 17.Rfe1 Qd5 18.Qg4 Kh8 19.f3 Qb5 20.Rad1 Bxe4 21.Rxe4 Qxb2 22.Qh5 Qc2
23.Rd2 Qc1+ 24.Kf2 Ba5 25.Rde2 Qd1 26.Bg5 Qxd3 27.Be7 Qb1 28.Rg4 Rg8 29.Ree4 Bd2
30.Qxf7 Rac8 31.Kg3 d3 32.Kh3 Bh6 33.Rh4 d2 34.Rxh6 Qxe4 35.fxe4 d1=Q 36.Qg6 Rc3+
37.g3 Rxg3+ 38.Qxg3 Qf1+ 39.Kh4 Qf7 40.Qg5 Qf2+ 41.Kh3 Rc8 42.Rh4 Rc3+ 43.Qg3 Rxg3+
44.hxg3 Qxa2 45.Rf4 h6  0-1

[Event "Open"]
[Site "Reykjavik ISL"]
[Date "2002.03.12"]
[Round "6"]
[White "Bjornsson,T"]
[Black "Gunnarsson,J"]
[Result "1-0"]
[WhiteElo "2248"]
[BlackElo "2402"]

1.e4 e6 2.d4 d5 3.Nd2 Be7 4.Ngf3 Nf6 5.Bd3 dxe4 6.Nxe4 Nbd7 7.Qe2 O-O 8.Bg5 Re8
9.h4 h6 10.Bxf6 Nxf6 11.O-O-O Nd5 12.g3 f5 13.Ned2 c5 14.dxc5 Bxc5 15.Nb3 Bb6
16.Bc4 Bd7 17.Ne5 Bc6 18.Rhe1 Qc7 19.Nxc6 bxc6 20.Nd4 Bxd4 21.Rxd4 Qb6 22.c3 Rab8
23.Bxd5 cxd5 24.Rb4 Qd6 25.Rxb8 Qxb8 26.f4 Qb6 27.Kb1 Kf7 28.g4 fxg4 29.Qxg4 Qd8
30.Qg1 Re7 31.h5 Kg8 32.Re5 Qf8 33.Qe3 Qf7 34.a3 Kf8 35.Ka2 Qf6 36.Qd4 Rf7
37.f5 exf5 38.Qxd5 Kg8 39.Re6 Qxe6 40.Qxe6 f4 41.Qe2 f3 42.Qf2  1-0

[Event "ch-RUS Boys U20"]
[Site "Vladimir RUS"]
[Date "2002.03.12"]
[Round "11"]
[White "Belov,Vl"]
[Black "Riazantsev,A"]
[Result "1/2-1/2"]
[WhiteElo "2487"]
[BlackElo "2511"]

1.e4 e6 2.d4 d5 3.Nd2 Nc6 4.Ngf3 Nf6 5.e5 Nd7 6.Bb5 Be7 7.O-O a6 8.Ba4 Nb6
9.Bb3 Na5 10.c3 Nxb3 11.axb3 c5 12.dxc5 Bxc5 13.b4 Be7 14.Nb3 Bd7 15.Nc5 Qc7
16.Qd4 O-O 17.Bg5 Bxg5 18.Nxg5 h6 19.Nf3 Nc8 20.Rfe1 Bb5 21.Qe3 b6 22.Nb3 Ne7
23.Nfd4 Bc6 24.Nc1 a5 25.Nd3 axb4 26.Nxb4 Bd7 27.Rad1 Nc6 28.Ndxc6 Bxc6 29.Rd4 Bd7
30.Qg3 Kh7 31.Nd3 Ra4 32.Rxa4 Bxa4 33.Nf4 Bc2 34.h4 Ra8 35.Nh5 Bg6 36.Nf4 Be4
37.Nh5 Bg6 38.Nf4 Be4 39.Nh5  1/2-1/2

[Event "TCh-FIN 2001-02"]
[Site "FIN"]
[Date "2002.03.16"]
[Round "8"]
[White "Paavilainen,J"]
[Black "Tolonen,L"]
[Result "1/2-1/2"]
[WhiteElo "2293"]
[BlackElo "2332"]

1.e4 e6 2.d4 d5 3.Nd2 Be7 4.Ngf3 dxe4 5.Nxe4 Nf6 6.Bd3 Nbd7 7.Qe2 c5 8.O-O cxd4
9.Nxd4 Nxe4 10.Bxe4 Nf6 11.Rd1 Qb6 12.Bf3 O-O 13.Bg5 Bd7 14.Nf5 exf5 15.Qxe7 Rfe8
16.Qa3 Bc6 17.Bxf6 Bxf3 18.Qxf3 Qxf6 19.Qxb7 Reb8 20.Qf3 Qxb2 21.Qxf5  1/2-1/2

[Event "13th Goodricke"]
[Site "Calcutta IND"]
[Date "2002.03.17"]
[Round "1"]
[White "Motylev,A"]
[Black "Ravi,L"]
[Result "1-0"]
[WhiteElo "2639"]
[BlackElo "2395"]

1.e4 e6 2.d4 d5 3.Nd2 Be7 4.Ngf3 Nf6 5.e5 Nfd7 6.Bd3 c5 7.c3 Nc6 8.O-O a5
9.Re1 a4 10.Nf1 a3 11.b3 cxd4 12.cxd4 Qb6 13.Bc2 Ndb8 14.Ng3 h5 15.h4 Bb4
16.Re3 Na6 17.Ne2 Be7 18.Ng5 Nab4 19.Rc3 Bd7 20.Bb1 Nd8 21.Rf3 Bb5 22.Nc3 Nbc6
23.Rxf7 Nxf7 24.Nxe6 Ncd8 25.Nxd5 Qc6 26.Ndc7+ Kd7 27.d5 Nxe6 28.dxc6+ Kxc6
29.Nxe6 Nxe5 30.Be4+ Kb6 31.Qd4+  1-0

[Event "ch-CAN"]
[Site "Richmond CAN"]
[Date "2002.03.23"]
[Round "3"]
[White "Jiganchine,R"]
[Black "Reeve,J"]
[Result "1/2-1/2"]
[WhiteElo "2171"]
[BlackElo "2200"]

1.e4 e6 2.d4 d5 3.Nd2 Be7 4.Bd3 c5 5.Ngf3 Nf6 6.dxc5 dxe4 7.Nxe4 Nxe4 8.Bxe4 Qxd1+
9.Kxd1 Bxc5 10.Ke2 Nd7 11.Be3 Bxe3 12.Kxe3 Nc5 13.Nd2 Nxe4 14.Nxe4 Ke7 15.Rad1 Bd7
16.Rd2 Bc6 17.Rhd1 Rhd8 18.Rxd8 Rxd8 19.Rxd8 Kxd8 20.f4 Ke7 21.g3 f6  1/2-1/2

[Event "4NCL"]
[Site "Birmingham ENG"]
[Date "2002.03.24"]
[Round "8"]
[White "Jackson,S"]
[Black "Tidman,S"]
[Result "1/2-1/2"]
[WhiteElo "2183"]
[BlackElo "2119"]

1.e4 e6 2.d4 d5 3.Nd2 Be7 4.Bd3 c5 5.dxc5 Nf6 6.Qe2 Bxc5 7.Ngf3 b6 8.Bb5+ Bd7
9.exd5 Nxd5 10.Ne4 Be7 11.Ne5 Qc7 12.Nxd7 Nxd7 13.O-O O-O 14.Bg5 Nc5 15.Bxe7 Qxe7
16.c3 Rad8 17.Rad1 Nf4 18.Qf3 e5 19.Nxc5  1/2-1/2

[Event "Masters"]
[Site "Pinamar ARG"]
[Date "2002.03.25"]
[Round "8"]
[White "Pavasovic,D"]
[Black "Rodriguez,And URU"]
[Result "1/2-1/2"]
[WhiteElo "2547"]
[BlackElo "2460"]

1.e4 e6 2.d4 d5 3.Nd2 Be7 4.Bd3 b6 5.c3 Nf6 6.e5 Nfd7 7.Nh3 Ba6 8.Bxa6 Nxa6
9.O-O c5 10.Qg4 g6 11.Nf3 h6 12.Nf4 h5 13.Qh3 Nf8 14.Rd1 Qd7 15.Qg3 O-O-O
16.h4 cxd4 17.cxd4 Kb7 18.Nh3 Nh7 19.Nhg5 Nxg5 20.Bxg5 Rc8 21.Rac1 Nb4 22.a3 Nc6
23.Qf4 Bxg5 24.Nxg5 Rhf8 25.Rc3 Qe7 26.Rdc1 f6 27.exf6 Qxf6 28.Qxf6 Rxf6
29.g3 a5 30.Kg2 a4 31.Kf1 Rc7 32.Kg2 Rc8 33.f4 Rc7 34.Nf3 Rc8 35.Ne5 Na7
36.Rxc8  1/2-1/2

[Event "ch-CAN"]
[Site "Richmond CAN"]
[Date "2002.03.26"]
[Round "6"]
[White "Jiganchine,R"]
[Black "Neven,K"]
[Result "1/2-1/2"]
[WhiteElo "2171"]
[BlackElo "2265"]

1.e4 e6 2.d4 d5 3.Nd2 a6 4.Ngf3 c5 5.exd5 exd5 6.Be2 c4 7.O-O Bd6 8.Re1 Ne7
9.b3 b5 10.Nf1 Nbc6 11.Bg5 f6 12.Be3 O-O 13.Ng3 Qc7 14.c3 f5 15.Bd2 f4 16.Nf1 Ng6
17.Ng5 Be7 18.Nf3 Bf5 19.h3 Bd6 20.N3h2 Rae8 21.Bg4 Rxe1 22.Bxe1 Qf7 23.Bxf5 Qxf5
24.a4 Rb8 25.b4 Nge7 26.Bd2 g5 27.Qh5 Qg6 28.Qg4 Qf5 29.Qh5 Kg7 30.Qf3 a5
31.axb5 Rxb5 32.bxa5 Rxa5 33.Rxa5 Nxa5 34.Qh5 Nb3 35.Nf3 h6 36.Qe8 Ng6 37.Qc6 Be7
38.Qc7 Kf8 39.Qb8+ Kf7 40.Qb7 Qe6 41.Qc7 Qe4 42.Qd7 Kf6 43.Qe8 Bd6 44.Qd7 Qe7
45.Qc6 Qe6 46.Qb7 Ne7 47.Qa8 Qc8 48.Qa7 Qf5 49.Qa8 Kg7 50.Qd8 Qe6 51.Qb6 Qd7
52.Qa6 Qc6 53.Qa7 Qc7 54.Qa6 Qc6  1/2-1/2

[Event "Suetin Mem"]
[Site "Tula RUS"]
[Date "2002.03.27"]
[Round "5"]
[White "Akulov,E"]
[Black "Smirnov,Alexa2"]
[Result "0-1"]
[WhiteElo "2248"]
[BlackElo "2188"]

1.e4 e6 2.d4 d5 3.Nd2 Be7 4.Ngf3 Nf6 5.e5 Nfd7 6.c3 c5 7.Bd3 Nc6 8.a3 Qb6
9.O-O cxd4 10.Qe2 dxc3 11.bxc3 Qc7 12.Re1 O-O 13.h4 f5 14.exf6 Nxf6 15.c4 Ng4
16.Nf1 dxc4 17.Bxc4 Bf6 18.Ra2 Nce5 19.Rc2 Qf7 20.Ba2 Nxf3+ 21.Qxf3 Ne5 22.Qg3 Nc6
23.Rce2 Nd4 24.Re4 Kh8 25.Qd3 Bxh4 26.Ng3 Qxf2+ 27.Kh1 Bxg3 28.Bd2 e5 29.Bb4 Bf5
30.Rf1 Bxe4 31.Rxf2 Bxd3  0-1

[Event "57th ch-YUG"]
[Site "Banja Koviljaca YUG"]
[Date "2002.03.28"]
[Round "12"]
[White "Popovic,P"]
[Black "Kosic,D"]
[Result "1-0"]
[WhiteElo "2533"]
[BlackElo "2511"]

1.e4 e6 2.d4 d5 3.Nd2 Be7 4.e5 c5 5.Qg4 Kf8 6.dxc5 Nc6 7.Ngf3 h5 8.Qg3 h4
9.Qf4 g5 10.Qe3 Nh6 11.Bd3 Ng4 12.Qe2 Qc7 13.Nb3 Rg8 14.O-O Ngxe5 15.Bd2 Nxd3
16.Qxd3 Rg6 17.Rfe1 g4 18.Nfd4 Nxd4 19.Nxd4 Qxc5 20.Bf4 Kg8 21.Re2 Bd7 22.Rae1 Bf8
23.c3 a5 24.Re5 Qc4 25.Qb1 Bg7 26.Rh5 h3 27.gxh3 gxh3+ 28.Kh1 e5 29.Bxe5 Bg4
30.Rh4 Bxe5 31.Rxe5 Qa6 32.Qe1 Rf8 33.f3 Bc8 34.Reh5 Rg2 35.f4 Qd6 36.Rh6 Rg6
37.Rh8+ Kg7 38.R4h7+  1-0

[Event "Redbus KO"]
[Site "Southend ENG"]
[Date "2002.03.29"]
[Round "1.1"]
[White "Wells,P"]
[Black "Pert,N"]
[Result "1/2-1/2"]
[WhiteElo "2517"]
[BlackElo "2451"]

1.e4 e6 2.d4 d5 3.Nd2 Be7 4.e5 c5 5.Qg4 Kf8 6.Nb3 Nc6 7.Nxc5 Nxe5 8.dxe5 Bxc5
9.Bd3 Bd7 10.Nh3 f6 11.b4 Be7 12.Bb2 Nh6 13.Qf4 Nf7 14.O-O g5 15.Qd2 fxe5
16.f4 Qb6+ 17.Kh1 Bxb4 18.c3 Be7 19.fxg5 Kg7 20.c4 d4 21.Nf4 exf4 22.Qxf4 Raf8
23.Bxd4+ e5 24.Bxe5+ Kg8 25.Bf6 Bxf6 26.gxf6 Qd6 27.Qh4 Qxd3 28.Rf3 Qg6 29.Rg3 Re8
30.Rd1 Bf5 31.h3 Ne5 32.Rd5 Kf7 33.Rxg6 hxg6 34.Qd4 Kxf6 35.Kg1 g5 36.Qf2 Kg6
37.g4 Be4 38.Rd6+ Kh7 39.Qf6 Bg6 40.Re6 Rxe6 41.Qxe6 Re8 42.Qf6 Nf7 43.c5 Re5
44.c6 bxc6 45.Qxc6 Ra5 46.Qc4 Ra3 47.Kh2 Kh6 48.Qd5 Rd3 49.Qa5 Rd7 50.a3 Rb7
51.Qc3 Kh7 52.Qd4 Rc7 53.Kg3 Rb7 54.Kf2 Re7 55.Kg3 a5 56.h4 gxh4+ 57.Kxh4 Re2
58.Qa7 Re5 59.Kg3 Kh6 60.Qd4 Re4 61.Qd2+ Kh7 62.Qxa5 Ne5 63.Qc7+ Kh6 64.Qc1+ Kg7
65.Qc7+ Bf7 66.a4 Nxg4 67.a5 Ra4 68.a6 Rxa6 69.Kxg4 Rg6+  1/2-1/2

[Event "40th Doeberl Cup"]
[Site "Canberra AUS"]
[Date "2002.03.30"]
[Round "4"]
[White "Lane,G"]
[Black "Smerdon,D"]
[Result "0-1"]
[WhiteElo "2448"]
[BlackElo "2326"]

1.e4 e6 2.d4 d5 3.Nd2 Be7 4.Bd3 c5 5.dxc5 Nf6 6.Qe2 Qa5 7.c3 Qxc5 8.Ngf3 Qc7
9.O-O Nbd7 10.Bc2 b6 11.Re1 a5 12.Nd4 Ba6 13.Qf3 Bb7 14.Qh3 g5 15.Nb5 Qe5
16.f4 Bc5+ 17.Kh1 Qxf4 18.Nf3 Qg4 19.Nxg5 Rg8 20.e5 Rxg5 21.Bxg5 Qxg5 22.exf6 O-O-O
23.Rf1 Nxf6 24.Qg3 Qxg3 25.hxg3 Be7 26.Rf2 Rg8 27.Nd6+ Bxd6 28.Rxf6 Rxg3
29.Rf3 Rg5 30.Re1 f5 31.Rxe6 Kd7 32.Bxf5 Rh5+ 33.Kg1 Bc5+ 34.Kf1 Rxf5 35.Rh6 Rxf3+
36.gxf3 Ba6+ 37.Kg2 Bd3 38.Kg3 Bg6 39.Kg4 Ke6 40.f4 Kf6 41.Rh2 h5+ 42.Kg3 Kf5
43.Rd2 Bf7 44.Kf3 h4 45.Rh2 Bh5+ 46.Kg2 Be7  0-1

[Event "Suetin Mem"]
[Site "Tula RUS"]
[Date "2002.03.30"]
[Round "8"]
[White "Kholmov,R"]
[Black "Smirnov,Alexa2"]
[Result "1/2-1/2"]
[WhiteElo "2441"]
[BlackElo "2188"]

1.e4 e6 2.d4 d5 3.Nd2 Be7 4.Ngf3 Nf6 5.Bd3 c5 6.dxc5 dxe4 7.Nxe4 Nxe4 8.Bxe4 Qxd1+
9.Kxd1 Bxc5 10.Ke2 f5 11.Bd3 Nc6 12.Bf4 h6 13.h4 Kf7 14.Rad1 Kf6 15.Bc4 Re8
16.Bd6 Bxd6 17.Rxd6 Rd8 18.Rhd1 Rxd6 19.Rxd6 Ke7 20.Rd1 Bd7  1/2-1/2

[Event "New White Plus GM open"]
[Site "Dhaka BAN"]
[Date "2002.04.01"]
[Round "3"]
[White "Sermek,D"]
[Black "Reefat,S"]
[Result "1-0"]
[WhiteElo "2595"]
[BlackElo "2450"]

1.e4 e6 2.d4 d5 3.Nd2 Be7 4.c3 c5 5.dxc5 Nf6 6.exd5 Qxd5 7.b4 a5 8.Ngf3 Nc6
9.Bc4 Qh5 10.Rb1 Nd5 11.Bxd5 exd5 12.O-O axb4 13.cxb4 Rxa2 14.Re1 Be6 15.b5 Na5
16.Bb2 O-O 17.Bd4 Rc8 18.Ra1 Rxa1 19.Qxa1 Nc4 20.Qa7 Nxd2 21.Nxd2 Qg6 22.Qxb7 Bf8
23.Nf1 h5 24.b6 Qg4 25.c6 Re8 26.c7 Kh7 27.Qc6  1-0

[Event "New White Plus GM open"]
[Site "Dhaka BAN"]
[Date "2002.04.05"]
[Round "7"]
[White "Barua,D"]
[Black "Reefat,S"]
[Result "1/2-1/2"]
[WhiteElo "2515"]
[BlackElo "2450"]

1.e4 e6 2.d4 d5 3.Nd2 Be7 4.Bd3 c5 5.dxc5 Nf6 6.Qe2 O-O 7.Ngf3 a5 8.a3 a4
9.b4 axb3 10.cxb3 dxe4 11.Nxe4 Na6 12.Bb2 Nxe4 13.Bxe4 Nxc5 14.Rd1 Qe8 15.Bc2 Bd7
16.a4 f6 17.O-O e5 18.Ba3 Be6 19.Qe3 Rc8 20.Rd2 Qf7 21.a5 Na6 22.Bxe7 Qxe7
23.h4 Nb4 24.Bb1 Nc6 25.h5 Kh8 26.Qe4 f5 27.Qa4 Ra8 28.b4 Bc4 29.Re1 e4 30.b5 Nxa5
31.h6 Qf6 32.hxg7+ Qxg7 33.Nh4 Qf6 34.g3 Rg8 35.Rd7 Be6 36.Rc7 Nb3 37.Qb4 Nd4
38.Rxb7 Rae8 39.Rb6 Rd8 40.Rd6 Rxd6 41.Qxd6 Nxb5 42.Qb6 Qe5 43.Rd1 e3 44.Qxe3 Qxe3
45.fxe3 Nc3 46.Rd6  1/2-1/2

[Event "New White Plus GM open"]
[Site "Dhaka BAN"]
[Date "2002.04.05"]
[Round "7"]
[White "Hossain,Enam"]
[Black "Johannessen,LE"]
[Result "0-1"]
[WhiteElo "2426"]
[BlackElo "2427"]

1.e4 e6 2.d4 d5 3.Nd2 Be7 4.Bd3 c5 5.dxc5 Nf6 6.Qe2 Nc6 7.Ngf3 Nb4 8.O-O Nxd3
9.cxd3 Bxc5 10.Nb3 Be7 11.Bg5 h6 12.Bh4 Bd7 13.e5 Ng8 14.Bg3 a5 15.Bf4 a4
16.Nbd4 Bc5 17.Be3 Bb6 18.Rfc1 Ne7 19.Rc2 O-O 20.Rac1 Ng6 21.Bd2 f6 22.Bb4 Rf7
23.Bc5 Bxc5 24.Rxc5 Qb6 25.R5c2 Kh7 26.Qe3 Raf8 27.Re1 Qa6 28.Rd2 Qa5 29.Rde2 Re7
30.h4 Qa6 31.exf6 Rxf6 32.g3 Be8 33.Nh2 e5 34.Ndf3 e4 35.dxe4 dxe4 36.Nd4 Ne5
37.Qxe4+ Bg6 38.Qd5 Rd6 39.Qc5 Nd3 40.Qc3 Red7 41.Ndf3 Nxe1 42.Rxe1 Rd3 43.Qc1 Qc6
44.Qxc6 bxc6 45.Kg2 Rb7 46.Re2 Bf7 47.Ne5 Bd5+ 48.f3 Rd1 49.Nhg4 Rb1 50.Nd3 Bxa2
51.Re4 Bb3 52.Nge5 c5 53.Nxc5 Rxb2+ 54.Kh3 Ra7 55.Re3 a3 56.Nxb3 Rxb3  0-1

[Event "Golden Cleopatra"]
[Site "Cairo EGY"]
[Date "2002.04.08"]
[Round "2"]
[White "Zayan,O"]
[Black "Abdel Razik,K"]
[Result "0-1"]
[WhiteElo "2188"]
[BlackElo "2373"]

1.e4 e6 2.d4 d5 3.Nd2 Be7 4.Bd3 c5 5.c3 Nf6 6.e5 Nfd7 7.Ne2 b6 8.Nf4 Ba6
9.Bxa6 Nxa6 10.Qh5 O-O 11.h4 cxd4 12.cxd4 Nb4 13.Nf3 Nc2+ 14.Kf1 Nxa1 15.Ng5 h6
16.Nfxe6 Qc8 17.Be3 fxe6 18.Qg6 hxg5 19.Qxe6+ Rf7 20.hxg5 Nf8 21.Qxd5 Nc2
22.Bf4 Qg4 23.g3 Rd8 24.Rh8+ Kxh8 25.Qxf7  0-1

[Event "Golden Cleopatra"]
[Site "Cairo EGY"]
[Date "2002.04.11"]
[Round "5"]
[White "Kotan,L"]
[Black "Vysochin,S"]
[Result "0-1"]
[WhiteElo "2350"]
[BlackElo "2531"]

1.e4 e6 2.d4 d5 3.Nd2 Be7 4.Bd3 c5 5.dxc5 Nd7 6.exd5 exd5 7.Nb3 Nxc5 8.Nxc5 Bxc5
9.Nf3 Nf6 10.Qe2+ Be6 11.Bb5+ Kf8 12.O-O Qb6 13.Ne5 Ne4 14.Ba4 Qc7 15.Nd3 Bd6
16.Qh5 h6 17.Be3 g6 18.Qh4 g5 19.Qh5 Nf6 20.Qf3 Bxh2+ 21.Kh1 Ne4 22.g3 h5
23.Bd4 Rh6 24.Kxh2 Qc4 25.Qe3 Qxa4 26.Nc5 Nxc5 27.Bxc5+ Kg8 28.Qxg5+ Rg6
29.Qe5 Qg4 30.Rh1 Rc8 31.Bd4 f6 32.Qe3 Bf5 33.c3 Be4 34.Rhg1 Bf3 35.Rae1 h4
36.Qe6+ Qxe6 37.Rxe6 Kf7 38.Rge1 hxg3+ 39.fxg3 Rh8+ 40.Kg1 Be4 41.R6xe4 dxe4
42.Kg2 Rhg8 43.Bf2 f5 44.Kf1 Rd8 45.Ke2 Rh6 46.Bd4 Rh2+ 47.Ke3 Rg8 48.Rg1 Ke6
49.Bxa7 Rxb2 50.Bd4 Rxa2 51.Bb6 Rh2 52.Bc7 Rc8 53.Ba5 Rc5 54.Bb4 Rd5 55.Kf4 Rf2+
56.Kg5 Rf3 57.Kg6 e3 58.g4 f4  0-1

[Event "Golden Cleopatra"]
[Site "Cairo EGY"]
[Date "2002.04.13"]
[Round "7"]
[White "Tiviakov,S"]
[Black "Vysochin,S"]
[Result "1-0"]
[WhiteElo "2614"]
[BlackElo "2531"]

1.e4 e6 2.d4 d5 3.Nd2 Nc6 4.Ngf3 Nf6 5.e5 Nd7 6.Nb3 a5 7.a4 Be7 8.Bb5 Na7
9.Be2 b6 10.O-O O-O 11.Be3 c5 12.c3 Nc6 13.Ne1 Ba6 14.Bxa6 Rxa6 15.f4 f5
16.exf6 Rxf6 17.Qe2 Ra8 18.Nf3 Qc7 19.Rac1 c4 20.Nbd2 b5 21.axb5 Na7 22.Bf2 Rh6
23.g3 Bd6 24.Ne5 Nxb5 25.Ndf3 a4 26.Ng4 Rg6 27.Nh4 Nf8 28.Nxg6 hxg6 29.Ne5 a3
30.bxa3 Rxa3 31.Be1 Qa7 32.Kh1 Rb3 33.Qg4 Qa3 34.Rd1 Nxc3 35.Bxc3 Rxc3 36.Nxg6 Re3
37.f5  1-0

[Event "Classics GM"]
[Site "Gausdal NOR"]
[Date "2002.04.14"]
[Round "4"]
[White "Kotronias,V"]
[Black "Ostenstad,B"]
[Result "1-0"]
[WhiteElo "2568"]
[BlackElo "2438"]

1.e4 e6 2.d4 d5 3.Nd2 Be7 4.Bd3 c5 5.dxc5 Nf6 6.Qe2 Nc6 7.Ngf3 Nb4 8.Nb3 Nxd3+
9.cxd3 a5 10.Bg5 a4 11.Nbd2 h6 12.Bxf6 Bxf6 13.exd5 Qxd5 14.Ne4 Be7 15.d4 O-O
16.Nc3 Qd8 17.O-O Qa5 18.Ne5 a3 19.b4 Qxb4 20.Qe3 Qa5 21.Rab1 Bf6 22.Rfd1 Bxe5
23.dxe5 Ra6 24.Ne4 Qc7 25.Qd4 Qc6 26.Rb4 Qc7 27.Rb3 Kh8 28.Rg3 Rg8 29.Nf6  1-0

[Event "XX Open"]
[Site "Metz FRA"]
[Date "2002.04.18"]
[Round "6"]
[White "Jaracz,P"]
[Black "Marechal,A"]
[Result "1-0"]
[WhiteElo "2513"]
[BlackElo "2311"]

1.e4 e6 2.d4 d5 3.Nd2 Be7 4.Ngf3 Nf6 5.e5 Nfd7 6.c4 dxc4 7.Nxc4 O-O 8.Bd3 Nc6
9.h4 f5 10.exf6 Nxf6 11.a3 Qd5 12.Bf4 Kh8 13.Ne3 Qd8 14.Bc2 Nh5 15.Bg5 g6
16.Be4 Bd7 17.Bh6 Nf6 18.Bxf8 Qxf8 19.Bxc6 Bxc6 20.Ne5 Bd5 21.Nxd5 exd5 22.O-O c5
23.dxc5 Bxc5 24.Nd3 Bb6 25.g3 Qd6 26.Kg2 Rf8 27.Nf4 d4 28.Qb3 Ne4 29.Qd5 Qxd5
30.Nxd5 Bc5 31.Rad1 Rd8 32.Nf4 Rd6 33.Rfe1 Nf6 34.Re6  1-0

[Event "City-ch"]
[Site "St-Petersburg RUS"]
[Date "2002.04.18"]
[Round "3"]
[White "Anisimov,P"]
[Black "Ivanov,Se"]
[Result "0-1"]
[WhiteElo "2405"]
[BlackElo "2546"]

1.e4 e6 2.d4 d5 3.Nd2 Be7 4.Ngf3 Nf6 5.Bd3 c5 6.dxc5 dxe4 7.Nxe4 Nxe4 8.Bxe4 Qxd1+
9.Kxd1 Bxc5 10.Ke2 Nd7 11.a3 Nf6 12.Bd3 b6 13.Bf4 O-O 14.Rhe1 Bb7 15.Kf1 Rfd8
16.Rad1 Rac8 17.Ne5 Bd4 18.Nc4 Ba6 19.b3 Bc3 20.Nd6 Bxd3+ 21.cxd3 Ra8 22.Re2 Nh5
23.Be5 Bxe5 24.Rxe5 Nf4 25.Nb5 a6 26.Nc3 Rac8 27.Ne2 Nxd3 28.Re3 Nb4 29.Nc3 Rxd1+
30.Nxd1 Nd5 31.Rd3 Kf8 32.g3 Ke7 33.Ne3 Nxe3+ 34.Rxe3 g5 35.Kg2 f5 36.h3 h5
37.Kf3 g4+ 38.hxg4 hxg4+ 39.Kf4 Rc2 40.f3 Rf2  0-1

[Event "Alushta-100"]
[Site "Alushta UKR"]
[Date "2002.04.19"]
[Round "?"]
[White "Pavlov,Ma"]
[Black "Firman,N"]
[Result "1-0"]
[WhiteElo "2400"]
[BlackElo "2509"]

1.e4 e6 2.d4 d5 3.Nd2 Be7 4.Bd3 c5 5.dxc5 Nf6 6.Qe2 Nc6 7.Ngf3 Nb4 8.Nb3 Nxd3+
9.cxd3 a5 10.O-O a4 11.Nbd4 Bxc5 12.e5 Nd7 13.Bd2 O-O 14.a3 b6 15.Kh1 Ba6
16.Bc3 Rc8 17.Qe3 Be7 18.Ne1 Nc5 19.f4 f6 20.Nxe6 Nxe6 21.exf6 Bxf6 22.Qxe6+ Kh8
23.Be5 Qe8 24.Qxe8 Rcxe8 25.Kg1 Kg8 26.Rc1 Rc8 27.Rd1 Bxe5 28.fxe5 Rxf1+
29.Kxf1 Kf7 30.Ke2 Ke6 31.Nf3 d4 32.Nxd4+ Kxe5 33.Nf3+ Kf4 34.Rd2 Bb7 35.Ne1 g5
36.Kf2 h5 37.Nc2 h4 38.Nd4 Ke5 39.Nb5 Kf4 40.Nc3 h3 41.gxh3 Rh8 42.Ne2+ Kf5
43.Kg3 Re8 44.Kf2 Rh8 45.Ng1 Kf4 46.d4 g4 47.Ne2+ Kg5 48.Rd3 Ba6 49.Rg3 Bxe2
50.Kxe2 Kf4 51.Rxg4+ Kf5 52.Rg3 Ke4 53.Rd3 Kd5 54.Kd2 Rc8 55.h4 Rh8  1-0